| Поле | Инд. | ПП | Название | Значение |
|---|---|---|---|---|
| Тип записи | a | |||
| Библиографический уровень | a | |||
| 001 | Контрольный номер | 6e661676088c42d3bcbb2846096e9a0b | ||
| 005 | Дата корректировки | 20210224163814.5 | ||
| 040 | a | Служба первич. каталог. | НБ ТвГУ | |
| b | Код языка каталог. | rus | ||
| e | Правила каталог. | PSBO | ||
| 041 | 0_ | a | Код языка текста | rus |
| 097 | b | Оператор | Komarova.ES | |
| 100 | 1_ | a | Автор | Герлах Ирина Витальевна |
| q | Полное имя | Герлах И. В. | ||
| 245 | 10 | a | Заглавие | Из опыта подготовки студентов педагогического вуза к организации добровольческой деятельности и взаимодействию с социально ориентированными некоммерческими организациями |
| 260 | a | Место издания | Тверь | |
| 504 | a | Библиография | Библиогр.: с. 259 (4 назв.) | |
| 520 | 0_ | a | Аннотация | В статье обосновано привлечение современной студенческой молодёжи к добровольческой (волонтёрской) деятельности. Представлены материалы, касающиеся внедрения в образовательную практику вузов новой дисциплины «Организация добровольческой (волонтерской) деятельности и взаимодействие с социально ориентированными НКО». Освещены её актуальность, цель, задачи, теоретическое и практическое содержание, предполагаемые образовательные результаты. |
| 653 | 0_ | a | Ключевые слова | Армавир, город |
| a | Ключевые слова | Педагогика | ||
| a | Ключевые слова | Студенты | ||
| a | Ключевые слова | Волонтерство | ||
| a | Ключевые слова | Молодежь | ||
| a | Ключевые слова | Программа обучения | ||
| 773 | 18 | w | Контрольный № источника | 7e15894b3bf841839de261c5f071005b |
| t | Название источника | Молодежь и государство: научно-методологические, социально-педагогические и психологические аспекты развития современного образования | ||
| d | Место и дата издания | Тверь, 2020 | ||
| g | Прочая информация | С. 255-259 | ||
| 856 | 40 | u | URL | http://texts.lib.tversu.ru/texts/150176t.pdf |
| x | Примечание для ЭОР | Справка УИС 2020 | ||
| x | Примечание для ЭОР | Реестр суммарного учета сетевых локальных документов | ||
| i | Дата подключения ЭОР | 20210224 | ||
| 901 | t | Тип документа | a | |
| 920 | a | Оператор | Кома | |
| 954 | b | Дата поступления в ОК | 20210218 |